000 00271nam a22001217a 4500
008 171011b xxu||||| |||| 00| 0 eng d
041 _aeng
080 _230 ED
_a316
100 _a50
101 _aSOC
245 _aSOCIETY THE BASICS
_cMACIONIS.J.J
942 _2udc
_cBK
999 _c33201
_d33201